[Event "RM-2013-0-00121"]
[Site "LSS email"]
[Date "2013.06.01"]
[Round "?"]
[White "Signes Almodovar, Salvador"]
[Black "Oliveira, Diogo Luiz"]
[Result "0-1"]
[WhiteElo "1954"]
[BlackElo "2173"]
[PlyCount "22"]
[EventDate "2013.04.16"]
[EventType "tourn (corr)"]
[EventRounds "6"]
[EventCountry "GER"]
[SourceTitle "Corr 2015"]
[Source "ChessBase"]
[SourceDate "2015.07.17"]
[SourceVersion "1"]
[SourceVersionDate "2015.07.17"]
[SourceQuality "1"]

1. d4 Nf6 2. c4 e6 3. Nf3 b6 4. Nc3 Bb4 5. Qb3 c5 6. Bg5 Nc6 7. d5 Na5 8. Qc2 0-0 9. e4 h6 10. Bh4 Bxc3+ 11. bxc3 d6 0-1

[Event "OP-2013-0-02773"]
[Site "LSS email"]
[Date "2013.05.30"]
[Round "?"]
[White "Signes Almodovar, Salvador"]
[Black "Correa de Almeida, Claudio"]
[Result "0-1"]
[WhiteElo "1973"]
[BlackElo "1595"]
[PlyCount "32"]
[EventDate "2013.05.06"]
[EventType "tourn (corr)"]
[EventRounds "4"]
[EventCountry "GER"]
[SourceTitle "Corr 2015"]
[Source "ChessBase"]
[SourceDate "2015.07.17"]
[SourceVersion "1"]
[SourceVersionDate "2015.07.17"]
[SourceQuality "1"]

1. d4 Nf6 2. Bg5 d5 3. e3 Ne4 4. Bf4 c5 5. Bd3 cxd4 6. exd4 Nc6 7. Bxe4 dxe4 8. Ne2 e5 9. dxe5 Qxd1+ 10. Kxd1 Bg4 11. h3 Rd8+ 12. Nd2 Bh5 13. c3 Be7 14. g4 Bg6 15. Ng3 e3 16. fxe3 Bd3 0-1

[Event "OP-2013-0-02778"]
[Site "LSS email"]
[Date "2013.05.13"]
[Round "?"]
[White "Tabudlong, Ronnie M"]
[Black "Signes Almodovar, Salvador"]
[Result "1-0"]
[WhiteElo "1415"]
[BlackElo "1954"]
[PlyCount "51"]
[EventDate "2013.05.09"]
[EventType "tourn (corr)"]
[EventRounds "4"]
[EventCountry "GER"]
[SourceTitle "Telechess CBM 161"]
[Source "ChessBase"]
[SourceDate "2014.07.16"]
[SourceVersion "1"]
[SourceVersionDate "2014.07.16"]
[SourceQuality "1"]

1. d4 d5 2. Nf3 Nf6 3. c4 e6 4. Nc3 c6 5. e3 Nbd7 6. Qc2 Bd6 7. Bd3 0-0 8. 0-0 dxc4 9. Bxc4 b5 10. Bd3 Bb7 11. Ng5 h6 12. Nge4 Be7 13. Nxf6+ Nxf6 14. Ne4 Nxe4 15. Bxe4 a5 16. a3 Qb6 17. Bd2 b4 18. Rfc1 Rfc8 19. axb4 axb4 20. Rxa8 Rxa8 21. Be1 Rc8 22. f4 g6 23. h3 Kg7 24. b3 Ra8 25. Kh2 Ra3 26. Qd1 1-0

[Event "OP-2013-0-02773"]
[Site "LSS email"]
[Date "2013.05.10"]
[Round "?"]
[White "Signes Almodovar, Salvador"]
[Black "Wajnberg, Piotr"]
[Result "0-1"]
[WhiteElo "1973"]
[BlackElo "2270"]
[PlyCount "22"]
[EventDate "2013.05.06"]
[EventType "tourn (corr)"]
[EventRounds "4"]
[EventCountry "GER"]
[SourceTitle "Corr 2015"]
[Source "ChessBase"]
[SourceDate "2015.07.17"]
[SourceVersion "1"]
[SourceVersionDate "2015.07.17"]
[SourceQuality "1"]

1. d4 Nf6 2. Bg5 d5 3. e3 c5 4. Bxf6 exf6 5. Nf3 Nc6 6. Nc3 c4 7. e4 Bb4 8. exd5 Qxd5 9. Qd2 Bxc3 10. Qxc3 Be6 11. Qd2 0-0 0-1

[Event "OP-2013-0-02760"]
[Site "LSS email"]
[Date "2013.05.02"]
[Round "?"]
[White "Signes Almodovar, Salvador"]
[Black "Pech, Jaroslav Jr"]
[Result "0-1"]
[WhiteElo "1954"]
[BlackElo "1594"]
[PlyCount "22"]
[EventDate "2013.04.28"]
[EventType "tourn (corr)"]
[EventRounds "4"]
[EventCountry "GER"]
[SourceTitle "Corr 2015"]
[Source "ChessBase"]
[SourceDate "2015.07.17"]
[SourceVersion "1"]
[SourceVersionDate "2015.07.17"]
[SourceQuality "1"]

1. d4 Nf6 2. Bg5 Ne4 3. Bh4 c5 4. f3 g5 5. fxe4 gxh4 6. e3 Bh6 7. Kf2 cxd4 8. exd4 Nc6 9. Nf3 e5 10. Nc3 0-0 11. dxe5 Qb6+ 0-1

[Event "OP-2013-0-02753"]
[Site "LSS email"]
[Date "2013.04.28"]
[Round "?"]
[White "Signes Almodovar, Salvador"]
[Black "Fridich, Vaclav Sr"]
[Result "1-0"]
[WhiteElo "1954"]
[BlackElo "924"]
[PlyCount "32"]
[EventDate "2013.04.24"]
[EventType "tourn (corr)"]
[EventRounds "4"]
[EventCountry "GER"]
[SourceTitle "Corr 2015"]
[Source "ChessBase"]
[SourceDate "2015.07.17"]
[SourceVersion "1"]
[SourceVersionDate "2015.07.17"]
[SourceQuality "1"]

1. d4 Nf6 2. Bg5 Ne4 3. Bh4 d5 4. f3 Nd6 5. Nc3 c6 6. e4 dxe4 7. fxe4 Qa5 8. Bd3 g6 9. Nf3 Bg4 10. 0-0 f6 11. e5 Nf5 12. Bxf5 gxf5 13. exf6 exf6 14. Bxf6 Rg8 15. Qe2+ Kf7 16. Qc4+ Kxf6 1-0

[Event "WC-2017-P-00003"]
[Site "LSS email"]
[Date "2013.02.27"]
[Round "?"]
[White "Martucci, Massimo"]
[Black "Signes Almodovar, Salvador"]
[Result "1-0"]
[WhiteElo "2107"]
[BlackElo "1973"]
[PlyCount "35"]
[EventDate "2013.03.03"]
[EventType "tourn (corr)"]
[EventRounds "12"]
[EventCountry "GER"]
[SourceTitle "Telechess CBM 167"]
[Source "ChessBase"]
[SourceDate "2015.07.13"]
[SourceVersion "1"]
[SourceVersionDate "2015.07.13"]
[SourceQuality "1"]

1. Nf3 Nf6 2. g3 d5 3. Bg2 c6 4. 0-0 Bg4 5. d4 Nbd7 6. Nbd2 e6 7. Re1 Be7 8. e4 0-0 9. c3 Bh5 10. Qb3 Qc7 11. e5 Ne8 12. a4 a5 13. Nf1 Ra6 14. Qa2 c5 15. Be3 Qd8 16. N1d2 cxd4 17. Bxd4 Nc7 18. Bf1 1-0

[Event "WC-2017-P-00003"]
[Site "LSS email"]
[Date "2013.02.27"]
[Round "?"]
[White "Signes Almodovar, Salvador"]
[Black "Martucci, Massimo"]
[Result "0-1"]
[WhiteElo "1973"]
[BlackElo "2107"]
[PlyCount "36"]
[EventDate "2013.03.03"]
[EventType "tourn (corr)"]
[EventRounds "12"]
[EventCountry "GER"]
[SourceTitle "Telechess CBM 167"]
[Source "ChessBase"]
[SourceDate "2015.07.13"]
[SourceVersion "1"]
[SourceVersionDate "2015.07.13"]
[SourceQuality "1"]

1. d4 Nf6 2. Bg5 c5 3. Bxf6 gxf6 4. d5 Qb6 5. Qc1 f5 6. c4 d6 7. Nc3 Nd7 8. Nf3 Bg7 9. e3 Ne5 10. Qc2 Bd7 11. Nxe5 dxe5 12. f3 Qh6 13. Qf2 e4 14. fxe4 Bxc3+ 15. bxc3 fxe4 16. a4 Qg7 17. Ra3 0-0-0 18. a5 Qg5 0-1

[Event "OP-2012-0-02563"]
[Site "LSS email"]
[Date "2012.12.27"]
[Round "?"]
[White "Henke, Simon"]
[Black "Signes Almodovar, Salvador"]
[Result "0-1"]
[WhiteElo "1441"]
[BlackElo "2194"]
[PlyCount "76"]
[EventDate "2012.12.23"]
[EventType "tourn (corr)"]
[EventRounds "4"]
[EventCountry "GER"]
[SourceTitle "Telechess CBM 159"]
[Source "ChessBase"]
[SourceDate "2014.03.17"]
[SourceVersion "1"]
[SourceVersionDate "2014.03.17"]
[SourceQuality "1"]

1. Nf3 Nf6 2. g3 d5 3. Bg2 c6 4. 0-0 Bf5 5. d3 e6 6. Nbd2 Be7 7. Qe1 0-0 8. e4 Bg6 9. Nh4 Bh5 10. h3 Nfd7 11. Nhf3 Re8 12. Nh2 a5 13. f4 a4 14. g4 Bg6 15. f5 exf5 16. gxf5 Bh5 17. Qf2 Bh4 18. Qe3 c5 19. Ndf3 Bg3 20. Ng4 Nc6 21. Ng5 Qc7 22. Qd2 Bxg4 23. hxg4 Nf6 24. exd5 Ne5 25. Ne4 Nexg4 26. Qg5 Nxe4 27. Qxg4 Bh2+ 28. Kh1 Ng3+ 29. Kxh2 Nxf1+ 30. Kg1 Ne3 31. Bxe3 Rxe3 32. Rf1 Qe5 33. f6 g6 34. Qh4 h5 35. Be4 Re2 36. Rf2 Rxf2 37. Kxf2 Qxb2 38. Qg5 Ra6 0-1

[Event "OP-2012-0-02563"]
[Site "LSS email"]
[Date "2012.12.27"]
[Round "?"]
[White "Signes Almodovar, Salvador"]
[Black "Guaimare Rodriguez, Carlos Luis"]
[Result "1-0"]
[WhiteElo "2194"]
[BlackElo "961"]
[PlyCount "47"]
[EventDate "2012.12.23"]
[EventType "tourn (corr)"]
[EventRounds "4"]
[EventCountry "GER"]
[SourceTitle "Telechess CBM 159"]
[Source "ChessBase"]
[SourceDate "2014.03.17"]
[SourceVersion "1"]
[SourceVersionDate "2014.03.17"]
[SourceQuality "1"]

1. d4 d5 2. c4 e6 3. Nf3 Nf6 4. Nc3 c6 5. e3 Nbd7 6. Qc2 Bd6 7. Bd3 0-0 8. 0-0 dxc4 9. Bxc4 a6 10. Rd1 Qe7 11. a3 b5 12. Be2 c5 13. dxc5 Nxc5 14. b4 Ncd7 15. Qd2 Bc7 16. a4 bxa4 17. Ba3 Re8 18. b5 Qd8 19. Nd4 Bb7 20. bxa6 Bxa6 21. Nc6 Qc8 22. Ne7+ Rxe7 23. Bxe7 Bxe2 24. Nxe2 1-0

[Event "SM-2012-0-00234"]
[Site "LSS email"]
[Date "2012.12.27"]
[Round "?"]
[White "Signes Almodovar, Salvador"]
[Black "Mueller Alves, Martin"]
[Result "1/2-1/2"]
[WhiteElo "1954"]
[BlackElo "2318"]
[PlyCount "43"]
[EventDate "2012.12.09"]
[EventType "tourn (corr)"]
[EventRounds "6"]
[EventCountry "GER"]
[SourceTitle "Telechess CBM 161"]
[Source "ChessBase"]
[SourceDate "2014.07.16"]
[SourceVersion "1"]
[SourceVersionDate "2014.07.16"]
[SourceQuality "1"]

1. d4 Nf6 2. Bg5 c5 3. Bxf6 gxf6 4. d5 Qb6 5. Qc1 f5 6. c4 d6 7. Nc3 Nd7 8. e3 Rg8 9. Qc2 Ne5 10. h3 Bg7 11. f4 Ng6 12. Nf3 Bd7 13. Rg1 0-0-0 14. 0-0-0 Qa5 15. g4 Bxc3 16. Qxc3 Qxc3+ 17. bxc3 h6 18. Bd3 e6 19. gxf5 exf5 20. Kd2 Ne7 21. Ke2 Rde8 22. Kf2 1/2-1/2

[Event "SM-2012-0-00234"]
[Site "LSS email"]
[Date "2012.12.27"]
[Round "?"]
[White "Steinke, Ruediger"]
[Black "Signes Almodovar, Salvador"]
[Result "1/2-1/2"]
[WhiteElo "2223"]
[BlackElo "1954"]
[PlyCount "39"]
[EventDate "2012.12.09"]
[EventType "tourn (corr)"]
[EventRounds "6"]
[EventCountry "GER"]
[SourceTitle "Telechess CBM 161"]
[Source "ChessBase"]
[SourceDate "2014.07.16"]
[SourceVersion "1"]
[SourceVersionDate "2014.07.16"]
[SourceQuality "1"]

1. e4 e5 2. Nf3 Nf6 3. Nxe5 d6 4. Nf3 Nxe4 5. d4 d5 6. Bd3 Nc6 7. 0-0 Be7 8. c4 Nf6 9. h3 Nb4 10. Be2 dxc4 11. Bxc4 0-0 12. Nc3 c6 13. Re1 Nbd5 14. Bg5 Be6 15. Qb3 Rb8 16. Ne5 Re8 17. Rad1 h6 18. Bh4 Qb6 19. Qxb6 axb6 20. Bxf6 1/2-1/2

[Event "OP-2012-0-02560"]
[Site "LSS email"]
[Date "2012.12.24"]
[Round "?"]
[White "Signes Almodovar, Salvador"]
[Black "Guaimare Rodriguez, Carlos Luis"]
[Result "1-0"]
[WhiteElo "1973"]
[BlackElo "918"]
[PlyCount "51"]
[EventDate "2012.12.21"]
[EventType "tourn (corr)"]
[EventRounds "4"]
[EventCountry "GER"]
[SourceTitle "Telechess CBM 163"]
[Source "ChessBase"]
[SourceDate "2014.11.11"]
[SourceVersion "2"]
[SourceVersionDate "2014.11.11"]
[SourceQuality "1"]

1. d4 d5 2. c4 c6 3. Nf3 Nf6 4. e3 e6 5. Bd3 Nbd7 6. b3 Be7 7. Bb2 0-0 8. 0-0 h6 9. Nc3 b6 10. Qc2 Bb7 11. Rad1 Rc8 12. e4 dxc4 13. bxc4 c5 14. d5 exd5 15. exd5 Bd6 16. Nh4 Ng4 17. g3 Nxh2 18. Bh7+ Kh8 19. Ne4 Nxf1 20. Nxd6 Nxg3 21. fxg3 Qg5 22. Kg2 Rb8 23. Rh1 Nf6 24. Nf3 Qg4 25. Rxh6 gxh6 26. Bxf6+ 1-0

[Event "OP-2012-0-02499"]
[Site "LSS email"]
[Date "2012.11.17"]
[Round "?"]
[White "Signes Almodovar, Salvador"]
[Black "Raines, David T"]
[Result "1-0"]
[WhiteElo "2198"]
[BlackElo "1022"]
[PlyCount "37"]
[EventDate "2012.11.14"]
[EventType "tourn (corr)"]
[EventRounds "4"]
[EventCountry "GER"]
[SourceTitle "Corr 2015"]
[Source "ChessBase"]
[SourceDate "2015.07.17"]
[SourceVersion "1"]
[SourceVersionDate "2015.07.17"]
[SourceQuality "1"]

1. d4 Nf6 2. Bg5 e6 3. e4 Be7 4. e5 Nd5 5. Bd2 0-0 6. c4 Nb6 7. Bd3 c5 8. dxc5 Bxc5 9. b4 Be7 10. Nf3 Nc6 11. b5 Nb8 12. c5 Nd5 13. Qc2 h6 14. 0-0 b6 15. Qa4 bxc5 16. Qe4 g6 17. Nc3 Bb7 18. Bxh6 Qc7 19. Qg4 1-0

[Event "OP-2012-0-02400"]
[Site "LSS email"]
[Date "2012.09.12"]
[Round "?"]
[White "Husemann, Andreas"]
[Black "Signes Almodovar, Salvador"]
[Result "1/2-1/2"]
[WhiteElo "1880"]
[BlackElo "2184"]
[PlyCount "83"]
[EventDate "2012.09.10"]
[EventType "tourn (corr)"]
[EventRounds "4"]
[EventCountry "GER"]
[SourceTitle "Telechess CBM 165"]
[Source "ChessBase"]
[SourceDate "2015.03.11"]
[SourceVersion "1"]
[SourceVersionDate "2015.03.11"]
[SourceQuality "1"]

1. d4 Nf6 2. c4 e6 3. Nf3 d5 4. Nc3 c6 5. e3 Nbd7 6. Qc2 Bd6 7. Be2 0-0 8. 0-0 dxc4 9. Bxc4 a6 10. Rd1 b5 11. Be2 Qc7 12. Ne4 Nxe4 13. Qxe4 Bb7 14. Bd3 g6 15. Qh4 c5 16. Ng5 h5 17. Ne4 Bxe4 18. Bxe4 Rac8 19. Bd2 Rfe8 20. Rac1 Be7 21. Qh3 Qb6 22. Qg3 h4 23. Qf4 Red8 24. Bf3 g5 25. Qg4 cxd4 26. Rxc8 Rxc8 27. exd4 f5 28. Qh5 Kg7 29. Be2 Rh8 30. Qf3 g4 31. Qd3 Nf6 32. h3 gxh3 33. Qxh3 Nd5 34. Bf3 Qd6 35. Rc1 Bf6 36. Bxd5 Qxd5 37. Rc7+ Kg6 38. Qe3 Qxd4 39. Rc6 Qxe3 40. Bxe3 Re8 41. b4 Kf7 42. Rxa6 1/2-1/2

[Event "OP-2012-0-02400"]
[Site "LSS email"]
[Date "2012.09.12"]
[Round "?"]
[White "Signes Almodovar, Salvador"]
[Black "Ballarin, Alessandro"]
[Result "1-0"]
[WhiteElo "2184"]
[BlackElo "947"]
[PlyCount "41"]
[EventDate "2012.09.10"]
[EventType "tourn (corr)"]
[EventRounds "4"]
[EventCountry "GER"]
[SourceTitle "Telechess CBM 165"]
[Source "ChessBase"]
[SourceDate "2015.03.11"]
[SourceVersion "1"]
[SourceVersionDate "2015.03.11"]
[SourceQuality "1"]

1. d4 d5 2. c4 c6 3. Nf3 Nf6 4. Nc3 dxc4 5. a4 Bf5 6. Ne5 Nbd7 7. Nxc4 e6 8. f3 Bb4 9. e4 Bxc3+ 10. bxc3 Bg6 11. Ba3 Nb6 12. Nd6+ Kd7 13. a5 Nc8 14. Nxb7 Qc7 15. Ba6 Qf4 16. 0-0 Qe3+ 17. Kh1 Qxc3 18. Qa4 Ne7 19. Rac1 Qe3 20. Qb4 Rae8 21. Qd6+ 1-0

[Event "OP-2012-0-02400"]
[Site "LSS email"]
[Date "2012.09.12"]
[Round "?"]
[White "Signes Almodovar, Salvador"]
[Black "Lauer, Fredric"]
[Result "1-0"]
[WhiteElo "2184"]
[BlackElo "949"]
[PlyCount "23"]
[EventDate "2012.09.10"]
[EventType "tourn (corr)"]
[EventRounds "4"]
[EventCountry "GER"]
[SourceTitle "Corr 2015"]
[Source "ChessBase"]
[SourceDate "2015.07.17"]
[SourceVersion "1"]
[SourceVersionDate "2015.07.17"]
[SourceQuality "1"]

1. d4 b6 2. e4 e6 3. Nf3 Bb7 4. Bd3 c5 5. c3 cxd4 6. cxd4 Nf6 7. Nc3 Bb4 8. Qc2 d5 9. e5 Nfd7 10. Bg5 Qc7 11. 0-0 0-0 12. Bxh7+ 1-0

[Event "WC-2016-P-00003"]
[Site "LSS email"]
[Date "2012.02.12"]
[Round "?"]
[White "Cardoso Garcia, Sergio"]
[Black "Signes Almodovar, Salvador"]
[Result "1/2-1/2"]
[WhiteElo "2058"]
[BlackElo "2194"]
[PlyCount "37"]
[EventDate "2012.02.15"]
[EventType "tourn (corr)"]
[EventRounds "12"]
[EventCountry "GER"]
[SourceTitle "Corr 2015"]
[Source "ChessBase"]
[SourceDate "2015.07.17"]
[SourceVersion "1"]
[SourceVersionDate "2015.07.17"]
[SourceQuality "1"]

1. e4 e5 2. Nf3 Nf6 3. Nxe5 d6 4. Nf3 Nxe4 5. Qe2 Qe7 6. d3 Nf6 7. Bg5 Nbd7 8. Nc3 Qxe2+ 9. Bxe2 h6 10. Bd2 Be7 11. 0-0 0-0 12. Rfe1 Re8 13. Nb5 Bd8 14. Bf1 a6 15. Rxe8+ Nxe8 16. Re1 Nef6 17. Nc3 Nf8 18. g3 c6 19. Kg2 1/2-1/2

[Event "WC-2016-P-00003"]
[Site "LSS email"]
[Date "2012.02.12"]
[Round "?"]
[White "Signes Almodovar, Salvador"]
[Black "Cardoso Garcia, Sergio"]
[Result "1/2-1/2"]
[WhiteElo "2194"]
[BlackElo "2058"]
[PlyCount "34"]
[EventDate "2012.02.15"]
[EventType "tourn (corr)"]
[EventRounds "12"]
[EventCountry "GER"]
[SourceTitle "Corr 2015"]
[Source "ChessBase"]
[SourceDate "2015.07.17"]
[SourceVersion "1"]
[SourceVersionDate "2015.07.17"]
[SourceQuality "1"]

1. d4 d6 2. e4 Nf6 3. Nc3 g6 4. f4 Bg7 5. Nf3 c5 6. Bb5+ Bd7 7. e5 Ng4 8. Bxd7+ Qxd7 9. d5 dxe5 10. h3 e4 11. hxg4 exf3 12. Qxf3 Na6 13. Bd2 Nc7 14. 0-0-0 0-0-0 15. Rhe1 Rhe8 16. g5 Kb8 17. Rh1 Rh8 1/2-1/2

[Event "WC-2016-P-00003"]
[Site "LSS email"]
[Date "2012.02.12"]
[Round "?"]
[White "Signes Almodovar, Salvador"]
[Black "Yangibayev, Rustam"]
[Result "1-0"]
[WhiteElo "2194"]
[BlackElo "878"]
[PlyCount "45"]
[EventDate "2012.02.15"]
[EventType "tourn (corr)"]
[EventRounds "12"]
[EventCountry "GER"]
[SourceTitle "Telechess CBM 159"]
[Source "ChessBase"]
[SourceDate "2014.03.17"]
[SourceVersion "1"]
[SourceVersionDate "2014.03.17"]
[SourceQuality "1"]

1. d4 Nf6 2. Bg5 d5 3. e3 e6 4. Nd2 Be7 5. Bd3 Nbd7 6. Ngf3 h6 7. Bh4 c5 8. c3 c4 9. Bc2 0-0 10. 0-0 Qc7 11. e4 dxe4 12. Nxe4 Nxe4 13. Bxe7 Re8 14. Bh4 Nef6 15. Bg3 Qd8 16. Nd2 b5 17. a4 Ba6 18. axb5 Bxb5 19. Ne4 a6 20. Nd6 Re7 21. Qf3 Nf8 22. Nxb5 Qb6 23. Qxa8 1-0

[Event "WC-2014-S-00010"]
[Site "LSS email"]
[Date "2011.07.16"]
[Round "?"]
[White "Bernal Varela, Nelson"]
[Black "Signes Almodovar, Salvador"]
[Result "1/2-1/2"]
[WhiteElo "2333"]
[BlackElo "2179"]
[PlyCount "62"]
[EventDate "2011.07.22"]
[EventType "tourn (corr)"]
[EventRounds "6"]
[EventCountry "GER"]
[SourceTitle "Telechess CBM 165"]
[Source "ChessBase"]
[SourceDate "2015.03.11"]
[SourceVersion "1"]
[SourceVersionDate "2015.03.11"]
[SourceQuality "1"]

1. e4 e5 2. Nf3 Nf6 3. Nxe5 d6 4. Nf3 Nxe4 5. d4 d5 6. Bd3 Bd6 7. 0-0 0-0 8. c4 c6 9. Re1 Re8 10. Qb3 Re7 11. c5 Bc7 12. Nc3 Nxc3 13. Rxe7 Qxe7 14. bxc3 h6 15. Bd2 Be6 16. Re1 b6 17. Bf5 bxc5 18. g3 Bb6 19. Qa4 c4 20. Bf4 Qe8 21. Bxe6 fxe6 22. Kg2 Nd7 23. Qxc6 Nf6 24. Qb7 Qc8 25. Qe7 Ne4 26. Ne5 Qe8 27. Qa3 Bc7 28. f3 Nd6 29. Qc1 Rb8 30. Ng4 Qg6 31. Ne5 Qe8 1/2-1/2

[Event "SM-2011-0-00163"]
[Site "LSS email"]
[Date "2011.07.11"]
[Round "?"]
[White "Signes Almodovar, Salvador"]
[Black "Delgado, Raul Alejandro"]
[Result "1-0"]
[WhiteElo "1954"]
[BlackElo "2148"]
[PlyCount "81"]
[EventDate "2011.06.09"]
[EventType "tourn (corr)"]
[EventRounds "6"]
[EventCountry "GER"]
[SourceTitle "Telechess CBM 161"]
[Source "ChessBase"]
[SourceDate "2014.07.16"]
[SourceVersion "1"]
[SourceVersionDate "2014.07.16"]
[SourceQuality "1"]

1. d4 Nf6 2. Bg5 Ne4 3. Bh4 c5 4. f3 g5 5. fxe4 gxh4 6. e3 Bh6 7. Kf2 cxd4 8. exd4 Qb6 9. Nc3 e6 10. Nf3 Nc6 11. Bb5 f6 12. Re1 0-0 13. Kg1 d6 14. Kh1 h3 15. g3 a6 16. Bf1 Qxb2 17. Na4 Qb4 18. c4 e5 19. d5 Na5 20. Rb1 Qa3 21. Nb6 Bg4 22. Be2 Qe3 23. Nh4 Qxe4+ 24. Bf3 Bxf3+ 25. Nxf3 Qg4 26. Nh4 Qxd1 27. Rexd1 Rad8 28. Nf5 Bg5 29. Rb4 Kf7 30. Ra4 Kg6 31. Rf1 e4 32. Rxa5 Rfe8 33. Nd4 Be3 34. Rd1 h5 35. c5 dxc5 36. Rxc5 h4 37. Rc3 Bf2 38. a4 f5 39. Rc2 Bxd4 40. Rxd4 Kf6 41. a5 1-0

[Event "SM-2011-0-00163"]
[Site "LSS email"]
[Date "2011.07.10"]
[Round "?"]
[White "Signes Almodovar, Salvador"]
[Black "Kriksciunas, Bronislavas"]
[Result "1/2-1/2"]
[WhiteElo "1954"]
[BlackElo "2149"]
[PlyCount "55"]
[EventDate "2011.06.09"]
[EventType "tourn (corr)"]
[EventRounds "6"]
[EventCountry "GER"]
[SourceTitle "Telechess CBM 161"]
[Source "ChessBase"]
[SourceDate "2014.07.16"]
[SourceVersion "1"]
[SourceVersionDate "2014.07.16"]
[SourceQuality "1"]

1. d4 d5 2. c4 e6 3. Nf3 Nf6 4. Bg5 Be7 5. Nc3 h6 6. Bh4 0-0 7. e3 b6 8. Be2 Bb7 9. Bxf6 Bxf6 10. cxd5 exd5 11. b4 c6 12. 0-0 a5 13. b5 c5 14. Ne5 cxd4 15. exd4 Bxe5 16. dxe5 d4 17. Na4 Qg5 18. Bg4 Qxe5 19. Nxb6 Ra7 20. Rc1 Qxb5 21. Qxd4 Ra6 22. Rb1 Qg5 23. Nd7 Nxd7 24. Rxb7 Ne5 25. Be2 Rd8 26. f4 Rxd4 27. fxg5 Rad6 28. gxh6 1/2-1/2

[Event "OP-2011-0-01617"]
[Site "LSS email"]
[Date "2011.06.24"]
[Round "?"]
[White "Signes Almodovar, Salvador"]
[Black "Basson, Heinrich"]
[Result "1-0"]
[WhiteElo "2155"]
[BlackElo "1390"]
[PlyCount "43"]
[EventDate "2011.06.21"]
[EventType "tourn (corr)"]
[EventRounds "4"]
[EventCountry "GER"]
[SourceTitle "Telechess CBM 151"]
[Source "ChessBase"]
[SourceDate "2012.11.13"]
[SourceVersion "1"]
[SourceVersionDate "2012.11.13"]
[SourceQuality "1"]

1. d4 d5 2. c4 c6 3. Nf3 Nf6 4. Nc3 e6 5. e3 Be7 6. Bd3 0-0 7. 0-0 Nbd7 8. b3 a6 9. Bb2 b6 10. e4 Nxe4 11. Nxe4 dxe4 12. Bxe4 Bb7 13. Qe2 Nf6 14. Bc2 Qd6 15. Ne5 c5 16. Rad1 Rad8 17. g4 h6 18. h4 cxd4 19. Rxd4 Qc5 20. Rxd8 Rxd8 21. g5 Nd7 22. Nxf7 1-0

[Event "OP-2011-0-01617"]
[Site "LSS email"]
[Date "2011.06.24"]
[Round "?"]
[White "Signes Almodovar, Salvador"]
[Black "Krivoshey, Dmitrij"]
[Result "1-0"]
[WhiteElo "2155"]
[BlackElo "587"]
[PlyCount "27"]
[EventDate "2011.06.21"]
[EventType "tourn (corr)"]
[EventRounds "4"]
[EventCountry "GER"]
[SourceTitle "Corr 2015"]
[Source "ChessBase"]
[SourceDate "2015.07.17"]
[SourceVersion "1"]
[SourceVersionDate "2015.07.17"]
[SourceQuality "1"]

1. d4 Nf6 2. Bg5 e6 3. Nf3 Bb4+ 4. Nbd2 Bxd2+ 5. Qxd2 h6 6. Bxf6 Qxf6 7. 0-0-0 0-0 8. g4 b6 9. h4 Re8 10. g5 Qf4 11. Qxf4 d6 12. gxh6 e5 13. Qg5 Re6 14. Qxg7# 1-0

[Event "SA-2011-0-00198"]
[Site "LSS email"]
[Date "2011.06.18"]
[Round "?"]
[White "Signes Almodovar, Salvador"]
[Black "Aalderink, Gerwin"]
[Result "1-0"]
[WhiteElo "2184"]
[BlackElo "2026"]
[PlyCount "119"]
[EventDate "2011.05.14"]
[EventType "tourn (corr)"]
[EventRounds "6"]
[EventCountry "GER"]
[SourceTitle "Telechess CBM 163"]
[Source "ChessBase"]
[SourceDate "2014.11.11"]
[SourceVersion "2"]
[SourceVersionDate "2014.11.11"]
[SourceQuality "1"]

1. d4 f5 2. g3 Nf6 3. Bg2 g6 4. Nf3 Bg7 5. 0-0 0-0 6. c4 d6 7. Nc3 c6 8. d5 e5 9. dxe6 Bxe6 10. b3 Na6 11. Bb2 d5 12. Ng5 Re8 13. Nxe6 Rxe6 14. cxd5 Nxd5 15. Qc2 Nab4 16. Qc1 Qe7 17. Nxd5 Nxd5 18. Bxg7 Kxg7 19. Bxd5 cxd5 20. e3 Rd8 21. Rd1 Rc6 22. Qb2+ Kg8 23. Rd4 Rc5 24. Rad1 Kf7 25. Qe2 Qc7 26. g4 fxg4 27. Qxg4 Kg7 28. e4 Qf7 29. Qg5 Rf8 30. Qe3 Rc2 31. R1d2 Rc1+ 32. Kg2 Re1 33. Qc3 Qf6 34. exd5 Re4 35. R4d3 Qxc3 36. Rxc3 Re7 37. Rf3 Rd8 38. d6 Red7 39. Rfd3 Re8 40. Rc3 Red8 41. Rc7 Kf6 42. Rxd7 Rxd7 43. Kg3 Kf5 44. h4 a6 45. a3 b6 46. Kf3 h6 47. a4 a5 48. Rd1 Ke6 49. Kg4 Ke5 50. f4+ Ke6 51. Rd4 Kf6 52. h5 gxh5+ 53. Kxh5 Kg7 54. f5 Kf6 55. Rd5 Kg7 56. Kg4 Kf6 57. Kf4 h5 58. Rd1 h4 59. Rd5 h3 60. Kg3 1-0